[Event "M7 "]
[Site "Koge"]
[Date "2004.??.??"]
[Round "1"]
[White "Madsen, Poul Henrik"]
[Black "Larsen, Peter"]
[Result "1-0"]
[WhiteElo "1987"]
[BlackElo "2213"]
[PlyCount "177"]
[EventDate "2004.04.06"]
[EventType "swiss"]
[EventRounds "7"]
[EventCountry "DEN"]

1. d4 Nf6 2. Nf3 c5 3. e3 cxd4 4. exd4 d5 5. Bd3 Bg4 6. h3 Bh5 7. g4 Bg6 8. Ne5
Bxd3 9. Qxd3 Qb6 10. Nc3 e6 11. g5 Nfd7 12. Bf4 Bd6 13. O-O-O Bxe5 14. Bxe5
Nxe5 15. dxe5 Nc6 16. f4 O-O-O 17. Nb5 Kb8 18. Nd6 Rd7 19. Rhe1 g6 20. Qb3 Qxb3
21. axb3 h6 22. h4 hxg5 23. hxg5 Rh4 24. Rf1 a6 25. Kd2 Rh2+ 26. Kc1 Rc7 27.
Rh1 Rf2 28. Rh8+ Ka7 29. Nc8+ Rxc8 30. Rxc8 Rxf4 31. c4 d4 32. c5 a5 33. Rh1
Ka6 34. Rc7 Nxe5 35. Rh8 Rf1+ 36. Kd2 Rf2+ 37. Ke1 Rxb2 38. Ra8+ Kb5 39. Rxb7+
Kxc5 40. Rxa5+ Kc6 41. Rab5 Nf3+ 42. Kf1 d3 43. R7b6+ Kc7 44. Rb7+ Kd6 45.
R7b6+ Ke7 46. Rb7+ Kf8 47. Rb8+ Kg7 48. Rd8 Rd2 49. Re8 Re2 50. Rd8 Nh2+ 51.
Kg1 d2 52. Rbb8 Nf3+ 53. Kf1 Re1+ 54. Kf2 Nxg5 55. Rxd2 Rb1 56. Ke3 f5 57. Kf4
Nf7 58. Rd7 g5+ 59. Ke3 Kg6 60. Rg8+ Kf6 61. Rf8 Rxb3+ 62. Kd2 Rb2+ 63. Kc3 Rb6
64. Rfxf7+ Ke5 65. Rb7 Rc6+ 66. Kd3 g4 67. Rb5+ Kf4 68. Rf6 Kf3 69. Kd4 g3 70.
Rb3+ Kf4 71. Kd3 Rc1 72. Rg6 e5 73. Rxg3 Rh1 74. Ke2 Rh2+ 75. Kf1 e4 76. Rg2
Rh1+ 77. Ke2 Ra1 78. Rf2+ Kg4 79. Ke3 Re1+ 80. Re2 Rf1 81. Rg2+ Kh3 82. Rf2
Rxf2 83. Kxf2+ Kg4 84. Ke3 Kg3 85. Rb1 Kg2 86. Kf4 Kf2 87. Rb2+ Kf1 88. Ke3 Kg1
89. Rf2 1-0

[Event "M7 "]
[Site "Koge"]
[Date "2004.??.??"]
[Round "1"]
[White "Stovring, Claus"]
[Black "Skovgaard, Peter Nicolai"]
[Result "0-1"]
[WhiteElo "2035"]
[BlackElo "1916"]
[PlyCount "86"]
[EventDate "2004.04.06"]
[EventType "swiss"]
[EventRounds "7"]
[EventCountry "DEN"]

1. e4 c5 2. Nf3 e6 3. Nc3 a6 4. d4 cxd4 5. Nxd4 b5 6. Bd3 Qb6 7. Nf3 Qc7 8. O-O
Bc5 9. e5 Bb7 10. Ne4 Bxe4 11. Bxe4 Nc6 12. Qe2 f5 13. exf6 Nxf6 14. Ng5 Qe5
15. Re1 Nxe4 16. Nxe4 Bb6 17. Bd2 O-O 18. Bc3 Qf5 19. Rf1 b4 20. Bd2 Nd4 21.
Qd3 d5 22. Ng3 Qxd3 23. cxd3 Nc2 24. Rac1 Rac8 25. Ne2 e5 26. g3 a5 27. Kg2 Nd4
28. Nxd4 Bxd4 29. Rxc8 Rxc8 30. Rc1 Rf8 31. Be3 Bxb2 32. Rc5 d4 33. Bg5 a4 34.
Rxe5 Ra8 35. Rb5 b3 36. a3 Bxa3 37. Bf4 Bb2 38. Bd6 a3 39. Bxa3 Rxa3 40. Rb8+
Kf7 41. Rb7+ Kg6 42. Rb6+ Kf7 43. Rb7+ Ke6 0-1

[Event "M7 "]
[Site "Koge"]
[Date "2004.??.??"]
[Round "1"]
[White "Glibstrup, Michael"]
[Black "Andersen, Rune"]
[Result "1/2-1/2"]
[WhiteElo "1905"]
[BlackElo "2018"]
[PlyCount "98"]
[EventDate "2004.04.06"]
[EventType "swiss"]
[EventRounds "7"]
[EventCountry "DEN"]

1. e4 c5 2. Nf3 Nc6 3. d4 cxd4 4. Nxd4 g6 5. Nc3 Bg7 6. Be3 Nf6 7. Bc4 O-O 8.
f3 Qb6 9. Bb3 Nxe4 10. fxe4 Bxd4 11. Nd5 Qc5 12. Bxd4 Nxd4 13. Nxe7+ Kg7 14.
Nd5 f5 15. Qd2 fxe4 16. O-O-O Nxb3+ 17. axb3 d6 18. Qg5 Bf5 19. Ne3 h6 20. Qe7+
Rf7 21. Nxf5+ gxf5 22. Qxd6 Qxd6 23. Rxd6 Re8 24. g3 Re5 25. b4 Rb5 26. c3 Rf6
27. Rhd1 Kg6 28. Rd8 Rc6 29. R1d6+ Rxd6 30. Rxd6+ Kg5 31. h3 h5 32. Kd2 h4 33.
gxh4+ Kxh4 34. Ke3 Kxh3 35. Rg6 Kh4 36. Kf4 Kh5 37. Rg7 Kh6 38. Rg1 Rd5 39. c4
Rd4 40. b3 Rd2 41. Kxf5 e3 42. Ke4 e2 43. Re1 a6 44. Ke3 Rb2 45. b5 axb5 46.
cxb5 Kg6 47. Rxe2 Rxb3+ 48. Kd4 Rxb5 49. Rf2 Rf5 1/2-1/2

[Event "M7 "]
[Site "Koge"]
[Date "2004.??.??"]
[Round "1"]
[White "Olsen, Miriam Frida"]
[Black "Molvig, Henrik"]
[Result "0-1"]
[WhiteElo "1988"]
[BlackElo "2184"]
[PlyCount "64"]
[EventDate "2004.04.06"]
[EventType "swiss"]
[EventRounds "7"]
[EventCountry "DEN"]

1. e4 c5 2. Nf3 d6 3. d4 cxd4 4. Nxd4 Nf6 5. Nc3 a6 6. Bg5 e6 7. f4 Be7 8. Qf3
Qc7 9. O-O-O Nbd7 10. g4 b5 11. Bxf6 Nxf6 12. g5 Nd7 13. f5 Nc5 14. f6 gxf6 15.
gxf6 Bf8 16. Rg1 Bd7 17. Rg7 Bxg7 18. fxg7 Rg8 19. e5 O-O-O 20. exd6 Qb6 21.
Qxf7 b4 22. Nce2 Qxd6 23. Bh3 Qe5 24. Rg1 Qe3+ 25. Kb1 Qxh3 26. Qe7 Nb7 27.
Qxb4 e5 28. Nb3 Qe6 29. Nc5 Nxc5 30. Qxc5+ Bc6 31. Qa7 Bb7 32. Rg3 Rd6 0-1

[Event "M7 "]
[Site "Koge"]
[Date "2004.??.??"]
[Round "1"]
[White "Auchenberg, Per"]
[Black "Bering, Anders"]
[Result "1/2-1/2"]
[WhiteElo "1987"]
[BlackElo "2014"]
[PlyCount "39"]
[EventDate "2004.04.06"]
[EventType "swiss"]
[EventRounds "7"]
[EventCountry "DEN"]

1. f4 d5 2. b3 Nf6 3. Bb2 e6 4. Nf3 c5 5. e3 Nc6 6. Bb5 Bd7 7. O-O Be7 8. d3 a6
9. Bxc6 Bxc6 10. Ne5 Rc8 11. Nd2 O-O 12. Rf3 Nd7 13. Rh3 Nxe5 14. Qh5 h6 15.
Bxe5 f6 16. Bb2 Qe8 17. Qg4 Kh7 18. Rg3 Qf7 19. Re1 b5 20. e4 1/2-1/2

[Event "M7 "]
[Site "Koge"]
[Date "2004.??.??"]
[Round "1"]
[White "Nilsson, Nils Specht"]
[Black "Christensen, Henrik"]
[Result "1-0"]
[WhiteElo "2074"]
[BlackElo "1916"]
[PlyCount "55"]
[EventDate "2004.04.06"]
[EventType "swiss"]
[EventRounds "7"]
[EventCountry "DEN"]

1. Nf3 Nf6 2. c4 g6 3. Nc3 Bg7 4. d4 O-O 5. e4 d6 6. h3 e5 7. d5 c6 8. Be3 Qa5
9. Qd2 Nbd7 10. Bd3 cxd5 11. cxd5 b6 12. a3 Nc5 13. Bc2 Qa6 14. b4 Ncd7 15. Bd3
Qb7 16. Bb5 Qb8 17. g4 a5 18. O-O Ba6 19. g5 Nxe4 20. Nxe4 Bxb5 21. Rfc1 f5 22.
gxf6 Nxf6 23. Nxf6+ Rxf6 24. Ng5 Bd7 25. bxa5 Rxa5 26. Rab1 Rxa3 27. Rxb6 Qc8
28. Rxc8+ 1-0

[Event "M7 "]
[Site "Koge"]
[Date "2004.??.??"]
[Round "2"]
[White "Skovgaard, Peter Nicolai"]
[Black "Madsen, Poul Henrik"]
[Result "0-1"]
[WhiteElo "1916"]
[BlackElo "1987"]
[PlyCount "100"]
[EventDate "2004.04.06"]
[EventType "swiss"]
[EventRounds "7"]
[EventCountry "DEN"]

1. e4 d5 2. exd5 Qxd5 3. Nc3 Qe5+ 4. Be2 c6 5. Nf3 Qc7 6. O-O Bf5 7. d4 e6 8.
Bd3 Bg4 9. h3 Bh5 10. Re1 Bb4 11. Bd2 Nf6 12. Nb5 cxb5 13. Bxb5+ Nc6 14. Bxb4
O-O-O 15. c3 Nxb4 16. cxb4 Kb8 17. g4 Bg6 18. Qc1 Qxc1 19. Raxc1 Nd5 20. a3 Nf4
21. Kh2 Bd3 22. Kg3 Nh5+ 23. gxh5 Bxb5 24. Rc5 Bc6 25. Rd1 f6 26. b5 Bxf3 27.
Kxf3 Rd7 28. Ke4 g6 29. Rdc1 Rhd8 30. R1c4 Rd5 31. h6 g5 32. Rc7 Rxd4+ 33. Rxd4
Rxd4+ 34. Kxd4 Kxc7 35. Kc5 b6+ 36. Kd4 Kd6 37. b4 Ke7 38. Ke4 Kf7 39. h4 gxh4
40. Kf4 Kg6 41. Kg4 Kxh6 42. Kxh4 Kg6 43. Kg4 h5+ 44. Kh4 Kh6 45. a4 Kg6 46. a5
Kh6 47. axb6 axb6 48. f3 Kg6 49. Kg3 Kg5 50. Kh3 h4 0-1

[Event "M7 "]
[Site "Koge"]
[Date "2004.??.??"]
[Round "2"]
[White "Molvig, Henrik"]
[Black "Nilsson, Nils Specht"]
[Result "1/2-1/2"]
[WhiteElo "2184"]
[BlackElo "2074"]
[PlyCount "76"]
[EventDate "2004.04.06"]
[EventType "swiss"]
[EventRounds "7"]
[EventCountry "DEN"]

1. d4 Nf6 2. c4 c5 3. d5 e5 4. Nc3 d6 5. e4 Be7 6. Nf3 O-O 7. Be2 Nbd7 8. O-O
h6 9. a3 Nh7 10. b4 b6 11. Qc2 Bg5 12. Nxg5 hxg5 13. Bd2 g6 14. bxc5 Nxc5 15.
a4 f5 16. a5 bxa5 17. f3 Bd7 18. Nb5 a4 19. Be3 Bxb5 20. cxb5 Rc8 21. Bxc5 Rxc5
22. Qxa4 Rf7 23. Qb4 Nf6 24. Ra6 fxe4 25. fxe4 Qf8 26. Rc6 Nd7 27. Rxf7 Qxf7
28. Bg4 Nf8 29. Rxc5 dxc5 30. Qxc5 Qf4 31. h3 Qxe4 32. Be6+ Nxe6 33. dxe6 g4
34. Qc8+ Kg7 35. Qd7+ Kh6 36. Qd2+ Kg7 37. Qd7+ Kh6 38. Qd2+ Kg7 1/2-1/2

[Event "M7 "]
[Site "Koge"]
[Date "2004.??.??"]
[Round "2"]
[White "Glibstrup, Michael"]
[Black "Auchenberg, Per"]
[Result "0-1"]
[WhiteElo "1905"]
[BlackElo "1987"]
[PlyCount "81"]
[EventDate "2004.04.06"]
[EventType "swiss"]
[EventRounds "7"]
[EventCountry "DEN"]

1. Nf3 f5 2. c4 Nf6 3. d4 e6 4. Nc3 Bb4 5. Bd2 b6 6. e3 Bb7 7. Bd3 O-O 8. O-O
Bxc3 9. Bxc3 Ne4 10. Qe2 d6 11. Nd2 Nxc3 12. bxc3 e5 13. e4 f4 14. Rad1 Nd7 15.
Nf3 Qe7 16. Bc2 Kh8 17. Rfe1 Bc6 18. d5 Bb7 19. h3 Rf6 20. Nh4 g6 21. Qg4 Raf8
22. Qe2 Nc5 23. Nf3 Bc8 24. Nh2 f3 25. gxf3 Bxh3 26. Kh1 Rxf3 27. Qxf3 Rxf3 28.
Nxf3 Qf8 29. Re3 Bg4 30. Kg2 Nd7 31. Rh1 Nf6 32. Ng5 Nh5 33. Ba4 Qf6 34. Nf3
Nf4+ 35. Kf1 h5 36. Ng1 Kg7 37. f3 Bh3+ 38. Ke1 Qh4+ 39. Kd2 Qf2+ 40. Kd1 Qxe3
41. Bc2 0-1

[Event "M7 "]
[Site "Koge"]
[Date "2004.??.??"]
[Round "2"]
[White "Christensen, Henrik"]
[Black "Olsen, Miriam Frida"]
[Result "1-0"]
[WhiteElo "1916"]
[BlackElo "1988"]
[PlyCount "81"]
[EventDate "2004.04.06"]
[EventType "swiss"]
[EventRounds "7"]
[EventCountry "DEN"]

1. e4 c5 2. Nf3 e6 3. Nc3 Nc6 4. d4 cxd4 5. Nxd4 Qc7 6. Nxc6 bxc6 7. Bd3 Nf6 8.
Qe2 e5 9. O-O Be7 10. Kh1 d6 11. h3 Rb8 12. f4 exf4 13. Bxf4 Be6 14. e5 Nd7 15.
exd6 Bxd6 16. Bxd6 Qxd6 17. Rae1 Rxb2 18. Qh5 Qe7 19. Ne4 g6 20. Qh6 Qf8 21.
Qf4 Qe7 22. Nd6+ Kd8 23. Qd4 Rf8 24. Nxf7+ Rxf7 25. Qxb2 Rxf1+ 26. Rxf1 Qh4 27.
Kh2 Bd5 28. Qc1 Qd4 29. Qf4 Qc3 30. Qd6 Qe5+ 31. Qxe5 Nxe5 32. Rf8+ Kc7 33. a3
Nxd3 34. cxd3 Be6 35. g4 h5 36. Rf6 Bb3 37. Rxg6 hxg4 38. Rxg4 a5 39. h4 Kd6
40. h5 Bc2 41. Rg3 1-0

[Event "M7 "]
[Site "Koge"]
[Date "2004.??.??"]
[Round "2"]
[White "Larsen, Peter"]
[Black "Stovring, Claus"]
[Result "1-0"]
[WhiteElo "2213"]
[BlackElo "2035"]
[PlyCount "91"]
[EventDate "2004.04.06"]
[EventType "swiss"]
[EventRounds "7"]
[EventCountry "DEN"]

1. e4 e5 2. Nf3 Nf6 3. d4 Nxe4 4. Bd3 d5 5. Nxe5 Nd7 6. O-O Nxe5 7. dxe5 Nc5 8.
Be2 Bf5 9. g4 Bg6 10. f4 Be4 11. Nc3 c6 12. Nxe4 Nxe4 13. Bf3 Bc5+ 14. Kg2 Qh4
15. Qe1 Qxe1 16. Rxe1 O-O-O 17. Be3 Bxe3 18. Rxe3 Nc5 19. b4 Ne6 20. Kg3 Kc7
21. f5 Ng5 22. Bg2 Ne4+ 23. Bxe4 dxe4 24. Rae1 Rd2 25. R1e2 Rhd8 26. Rxe4 R8d4
27. e6 fxe6 28. Rxe6 Rxe2 29. Rxe2 Kd7 30. a3 Rc4 31. g5 Rc3+ 32. Kf4 Rxa3 33.
f6 gxf6 34. gxf6 Ra1 35. Re7+ Kd6 36. Rxb7 Rf1+ 37. Kg5 Rg1+ 38. Kh5 Rf1 39. f7
a6 40. Kh6 c5 41. bxc5+ Kxc5 42. Kg7 Rg1+ 43. Kxh7 Rf1 44. Kg7 Rg1+ 45. Kf6
Rf1+ 46. Ke7 1-0

[Event "M7 "]
[Site "Koge"]
[Date "2004.??.??"]
[Round "2"]
[White "Andersen, Rune"]
[Black "Bering, Anders"]
[Result "1/2-1/2"]
[WhiteElo "2018"]
[BlackElo "2014"]
[PlyCount "46"]
[EventDate "2004.04.06"]
[EventType "swiss"]
[EventRounds "7"]
[EventCountry "DEN"]

1. d4 Nf6 2. c4 e6 3. Nc3 d5 4. Nf3 dxc4 5. Bg5 Bb4 6. e4 c5 7. dxc5 Qxd1+ 8.
Rxd1 Nc6 9. Bxf6 gxf6 10. Bxc4 a6 11. O-O Bxc5 12. Rd2 Ke7 13. a3 b5 14. Ba2
Bb7 15. Rc1 Bb6 16. b4 Rhd8 17. Rdc2 Nd4 18. Nxd4 Rxd4 19. Kf1 Rad8 20. f3 Rd3
21. Ke2 Re3+ 22. Kf1 Red3 23. Ke2 Re3+ 1/2-1/2

[Event "M7 "]
[Site "Koge"]
[Date "2004.??.??"]
[Round "3"]
[White "Auchenberg, Per"]
[Black "Molvig, Henrik"]
[Result "1-0"]
[WhiteElo "1987"]
[BlackElo "2184"]
[PlyCount "99"]
[EventDate "2004.04.06"]
[EventType "swiss"]
[EventRounds "7"]
[EventCountry "DEN"]

1. e4 c5 2. d3 Nc6 3. g3 d5 4. Nd2 Nf6 5. Ngf3 Bg4 6. Bg2 e6 7. O-O Be7 8. Re1
Qc7 9. c3 O-O 10. h3 Bh5 11. Qe2 Rfd8 12. g4 dxe4 13. dxe4 Bg6 14. Nh4 Nd7 15.
Nxg6 hxg6 16. Nf3 Rab8 17. e5 b5 18. b3 a6 19. Qe4 Rdc8 20. h4 c4 21. b4 Bf8
22. h5 Ne7 23. Bh3 Nb6 24. Bg5 Nbd5 25. Rac1 a5 26. a3 axb4 27. axb4 Ra8 28.
Nd4 Qb6 29. Bxe7 Nxe7 30. Ra1 Rxa1 31. Rxa1 gxh5 32. gxh5 Nd5 33. Ra3 Rd8 34.
Ne2 Be7 35. Bg4 Bh4 36. Qf3 Qc7 37. Qe4 Bg5 38. Kg2 Qc6 39. Bf3 Ra8 40. Rxa8+
Qxa8 41. Qd4 Qa2 42. Qc5 Ne7 43. Qxb5 Nf5 44. Qe8+ Kh7 45. Qxf7 Nh4+ 46. Kg3
Qc2 47. Kg4 Qd3 48. Nd4 Qxc3 49. Be4+ Kh6 50. Qe8 1-0

[Event "M7 "]
[Site "Koge"]
[Date "2004.??.??"]
[Round "3"]
[White "Larsen, Peter"]
[Black "Andersen, Rune"]
[Result "1-0"]
[WhiteElo "2213"]
[BlackElo "2018"]
[PlyCount "73"]
[EventDate "2004.04.06"]
[EventType "swiss"]
[EventRounds "7"]
[EventCountry "DEN"]

1. d4 d5 2. c4 Nc6 3. cxd5 Qxd5 4. e3 e5 5. Nc3 Bb4 6. Bd2 Bxc3 7. bxc3 exd4 8.
cxd4 Nf6 9. Qf3 Be6 10. Qxd5 Nxd5 11. Bb5 Nde7 12. Ne2 a6 13. Bd3 O-O 14. O-O
Rfd8 15. Rfc1 Rd7 16. Nf4 Bf5 17. Bxf5 Nxf5 18. Rab1 Nd6 19. Nd3 Re7 20. Rc2
Nb5 21. Bc1 Rd8 22. Bb2 Na5 23. a4 Nd6 24. Ba3 b6 25. h3 f6 26. Nf4 Kf7 27. Nd5
Red7 28. Bxd6 cxd6 29. Rxb6 Ra8 30. Kf1 Raa7 31. Ke2 g5 32. Nb4 Rdb7 33. Rxb7+
Rxb7 34. Nxa6 Rb6 35. Nc7 Rb4 36. Nd5 Rxa4 37. Rc7+ 1-0

[Event "M7 "]
[Site "Koge"]
[Date "2004.??.??"]
[Round "3"]
[White "Nilsson, Nils Specht"]
[Black "Madsen, Poul Henrik"]
[Result "0-1"]
[WhiteElo "2074"]
[BlackElo "1987"]
[PlyCount "66"]
[EventDate "2004.04.06"]
[EventType "swiss"]
[EventRounds "7"]
[EventCountry "DEN"]

1. c4 e5 2. Nc3 Nc6 3. g3 g6 4. Bg2 Bg7 5. e4 d6 6. d3 Nge7 7. h4 Nd4 8. h5 Be6
9. Nh3 h6 10. hxg6 fxg6 11. Ng1 Qd7 12. b4 O-O-O 13. a4 Rdf8 14. Nb5 Nec6 15.
Nxd4 Nxd4 16. Be3 Rf7 17. Bxd4 exd4 18. f4 Re8 19. Kd2 Kb8 20. Bh3 Bxh3 21.
Nxh3 g5 22. Kc2 c6 23. Kb3 a5 24. b5 d5 25. cxd5 cxb5 26. Kb2 Bf8 27. axb5
Qxb5+ 28. Qb3 Bb4 29. Ka2 Rc8 30. Rac1 Rfc7 31. Kb1 a4 32. Qb2 Qxd3+ 33. Ka1
Ba3 0-1

[Event "M7 "]
[Site "Koge"]
[Date "2004.??.??"]
[Round "3"]
[White "Bering, Anders"]
[Black "Skovgaard, Peter Nicolai"]
[Result "1-0"]
[WhiteElo "2014"]
[BlackElo "1916"]
[PlyCount "63"]
[EventDate "2004.04.06"]
[EventType "swiss"]
[EventRounds "7"]
[EventCountry "DEN"]

1. e4 c5 2. Nf3 d6 3. d4 cxd4 4. Qxd4 a6 5. c4 Nc6 6. Qd2 Qc7 7. Nc3 e6 8. b3
Nf6 9. Bb2 Be7 10. Be2 O-O 11. O-O b6 12. Rac1 Bb7 13. Bd3 Rac8 14. Nd5 exd5
15. cxd5 Qd7 16. dxc6 Bxc6 17. e5 Bxf3 18. gxf3 dxe5 19. Bxe5 Rxc1 20. Rxc1 Rd8
21. Rc7 Qe6 22. Bg3 Nd5 23. Rc4 g6 24. Re4 Qf5 25. Rd4 Qg5 26. Qxg5 Bxg5 27.
Bxa6 Bf6 28. Rc4 Kf8 29. Rc6 Bd4 30. Bc4 Nb4 31. Rd6 Rxd6 32. Bxd6+ 1-0

[Event "M7 "]
[Site "Koge"]
[Date "2004.??.??"]
[Round "3"]
[White "Christensen, Henrik"]
[Black "Glibstrup, Michael"]
[Result "0-1"]
[WhiteElo "1916"]
[BlackElo "1905"]
[PlyCount "69"]
[EventDate "2004.04.06"]
[EventType "swiss"]
[EventRounds "7"]
[EventCountry "DEN"]

1. e4 Nf6 2. e5 Nd5 3. d4 d6 4. Nf3 Bg4 5. Be2 Nc6 6. c4 Nb6 7. e6 fxe6 8. Nbd2
g6 9. h3 Bxf3 10. Nxf3 Bg7 11. Be3 Qd7 12. Rb1 a5 13. b3 Qc8 14. a3 Nd7 15. O-O
Nf6 16. d5 exd5 17. cxd5 Nd8 18. Qd2 O-O 19. Rfc1 c6 20. Bc4 Kh8 21. Bb6 Qf5
22. Bxd8 Raxd8 23. dxc6 bxc6 24. Nd4 Ne4 25. Nxf5 Nxd2 26. Nxe7 Nxb1 27. Rxb1
c5 28. a4 Bd4 29. Rf1 Rxf2 30. Rxf2 Rf8 31. Nc6 Bxf2+ 32. Kh2 Be1 33. Na7 Rf5
34. g4 Rf2+ 35. Kg3 0-1

[Event "M7 "]
[Site "Koge"]
[Date "2004.??.??"]
[Round "3"]
[White "Olsen, Miriam Frida"]
[Black "Stovring, Claus"]
[Result "1/2-1/2"]
[WhiteElo "1988"]
[BlackElo "2035"]
[PlyCount "34"]
[EventDate "2004.04.06"]
[EventType "swiss"]
[EventRounds "7"]
[EventCountry "DEN"]

1. e4 e5 2. Nf3 Nf6 3. Nxe5 d6 4. Nxf7 Kxf7 5. d4 c6 6. Nc3 Bg4 7. f3 Be6 8. f4
g6 9. Bd3 Qb6 10. e5 dxe5 11. fxe5 Bb4 12. exf6 Re8 13. O-O Qxd4+ 14. Kh1 Bxc3
15. Rf4 Bg4 16. Rxd4 Bxd1 17. Bc4+ Kxf6 1/2-1/2

[Event "M7 "]
[Site "Koge"]
[Date "2004.??.??"]
[Round "4"]
[White "Madsen, Poul Henrik"]
[Black "Auchenberg, Per"]
[Result "1/2-1/2"]
[WhiteElo "1987"]
[BlackElo "1987"]
[PlyCount "124"]
[EventDate "2004.04.06"]
[EventType "swiss"]
[EventRounds "7"]
[EventCountry "DEN"]

1. d4 f5 2. g3 Nf6 3. Bg2 g6 4. c4 Bg7 5. Nc3 d6 6. Nf3 O-O 7. Qb3 Nc6 8. c5+
d5 9. h4 e6 10. Bg5 h6 11. Bf4 b6 12. cxb6 axb6 13. Ne5 Nxe5 14. Bxe5 Ba6 15.
Bf3 Bc4 16. Qc2 Nd7 17. Bxg7 Kxg7 18. b3 Ba6 19. e3 c5 20. Qd2 Qf6 21. Be2 Bxe2
22. Nxe2 Rfc8 23. O-O g5 24. hxg5 hxg5 25. Kg2 Rh8 26. Rh1 Rxh1 27. Rxh1 Rh8
28. Rxh8 Kxh8 29. dxc5 bxc5 30. Qa5 Qe7 31. Qc7 Kg7 32. a4 Kf7 33. Nc3 Nf6 34.
Qe5 Qb7 35. Nb5 Qc6 36. Qc7+ Qxc7 37. Nxc7 Nd7 38. Kf3 Ke7 39. Ke2 Kd6 40. Nb5+
Kc6 41. Na3 e5 42. Nc2 Nf6 43. f3 Nh5 44. Kf2 Nf6 45. Ke2 g4 46. f4 exf4 47.
gxf4 Ne4 48. b4 Nc3+ 49. Kf2 Nxa4 50. bxc5 Nxc5 51. Nd4+ Kd7 52. Nxf5 Ne4+ 53.
Kg2 Ke6 54. Nh6 g3 55. Kf3 Kf6 56. Ng4+ Kf5 57. Ne5 g2 58. Kxg2 d4 59. exd4
Kxf4 60. Nf7 Nc3 61. Ne5 Ke4 62. Nc6 Nb5 1/2-1/2

[Event "M7 "]
[Site "Koge"]
[Date "2004.??.??"]
[Round "4"]
[White "Glibstrup, Michael"]
[Black "Nilsson, Nils Specht"]
[Result "0-1"]
[WhiteElo "1905"]
[BlackElo "2074"]
[PlyCount "94"]
[EventDate "2004.04.06"]
[EventType "swiss"]
[EventRounds "7"]
[EventCountry "DEN"]

1. Nf3 c5 2. e4 g6 3. d4 Bg7 4. Nc3 cxd4 5. Nxd4 Nc6 6. Be3 d6 7. Qd2 Nf6 8. f3
Bd7 9. g4 Rc8 10. h4 h5 11. g5 Nh7 12. Nxc6 bxc6 13. Bd4 Bxd4 14. Qxd4 O-O 15.
Qxa7 Ra8 16. Qd4 Qb8 17. O-O-O Be6 18. Bc4 c5 19. Qd3 Bxc4 20. Qxc4 e6 21. Rd3
Qb4 22. Qb3 Rfd8 23. a3 Qxb3 24. cxb3 Kf8 25. Rhd1 Ke7 26. Nb5 Ra6 27. Kc2 f6
28. f4 f5 29. exf5 gxf5 30. Rg1 d5 31. Re3 Nf8 32. g6 d4 33. Reg3 Nd7 34. g7
Rg8 35. Rg6 Nf6 36. Rh6 Kf7 37. Rhg6 Ng4 38. Rg5 Rxg7 39. Kd3 Rxg5 40. hxg5 e5
41. fxe5 Nxe5+ 42. Ke2 Kg6 43. Nc7 Rb6 44. Nd5 Rxb3 45. Ne7+ Kf7 46. g6+ Kxe7
47. g7 Rxb2+ 0-1

[Event "M7 "]
[Site "Koge"]
[Date "2004.??.??"]
[Round "4"]
[White "Bering, Anders"]
[Black "Larsen, Peter"]
[Result "1/2-1/2"]
[WhiteElo "2014"]
[BlackElo "2213"]
[PlyCount "54"]
[EventDate "2004.04.06"]
[EventType "swiss"]
[EventRounds "7"]
[EventCountry "DEN"]

1. e4 c5 2. Nf3 e6 3. d4 cxd4 4. Nxd4 Nf6 5. Nc3 Nc6 6. Be2 Bb4 7. O-O Bxc3 8.
bxc3 Nxe4 9. Bd3 Nc5 10. Ba3 Qa5 11. Nb5 b6 12. Bb4 Nxb4 13. cxb4 Qxb4 14. Nc7+
Kd8 15. Nxa8 Bb7 16. Be2 Bxa8 17. Qd6 Na6 18. Qg3 Nc7 19. Bf3 Bxf3 20. Qxf3 Ke7
21. Rfe1 Qc5 22. Qg3 g6 23. Rad1 Nd5 24. Qh4+ Nf6 25. Rxd7+ Kxd7 26. Qxf6 Rf8
27. Rd1+ Kc8 1/2-1/2

[Event "M7 "]
[Site "Koge"]
[Date "2004.??.??"]
[Round "4"]
[White "Stovring, Claus"]
[Black "Christensen, Henrik"]
[Result "0-1"]
[WhiteElo "2035"]
[BlackElo "1916"]
[PlyCount "62"]
[EventDate "2004.04.06"]
[EventType "swiss"]
[EventRounds "7"]
[EventCountry "DEN"]

1. e4 c5 2. Nf3 Nc6 3. Bb5 g6 4. O-O Bg7 5. Nc3 Nd4 6. Re1 Nxb5 7. Nxb5 d6 8.
h3 e5 9. d3 Be6 10. Ng5 Qd7 11. Nc3 Ne7 12. Be3 O-O 13. Qd2 f5 14. Nxe6 Qxe6
15. Bh6 f4 16. Bxg7 Kxg7 17. Kh2 h5 18. Qe2 f3 19. gxf3 Nc6 20. Nb5 Rf4 21. Rg1
Raf8 22. Rg3 h4 23. Rg4 Rxf3 24. Rf1 a6 25. Nc7 Qd7 26. Nd5 Nd4 27. Qd2 Rxh3+
28. Kxh3 Rf3+ 29. Kxh4 Qd8+ 30. Rg5 Qh8+ 31. Kg4 Qh3# 0-1

[Event "M7 "]
[Site "Koge"]
[Date "2004.??.??"]
[Round "4"]
[White "Skovgaard, Peter Nicolai"]
[Black "Molvig, Henrik"]
[Result "1/2-1/2"]
[WhiteElo "1916"]
[BlackElo "2184"]
[PlyCount "27"]
[EventDate "2004.04.06"]
[EventType "swiss"]
[EventRounds "7"]
[EventCountry "DEN"]

1. e4 c5 2. Nf3 d6 3. d4 cxd4 4. Nxd4 Nf6 5. Nc3 a6 6. f3 e5 7. Nb3 Be6 8. Be3
Nc6 9. Qd2 Be7 10. O-O-O O-O 11. g4 a5 12. Na4 Nd7 13. Kb1 Qc7 14. Bb5 1/2-1/2

[Event "M7 "]
[Site "Koge"]
[Date "2004.??.??"]
[Round "5"]
[White "Andersen, Rune"]
[Black "Nilsson, Nils Specht"]
[Result "1-0"]
[WhiteElo "2018"]
[BlackElo "2074"]
[PlyCount "107"]
[EventDate "2004.04.06"]
[EventType "swiss"]
[EventRounds "7"]
[EventCountry "DEN"]

1. d4 f5 2. e4 fxe4 3. Nc3 Nf6 4. g4 g6 5. g5 Nh5 6. Nxe4 d5 7. Ng3 Nxg3 8.
hxg3 Bg7 9. Bd3 O-O 10. Be3 Bf5 11. Ne2 Nc6 12. Bxf5 Rxf5 13. Qd2 e5 14. f4
exd4 15. Nxd4 Nxd4 16. Bxd4 Bxd4 17. Qxd4 c5 18. Qc3 d4 19. Qa3 c4 20. O-O-O
Ra5 21. Qb4 b5 22. Kb1 Rb8 23. Qe1 Ra6 24. Qe5 Qd6 25. Qxd4 Rd8 26. c3 Qxd4 27.
Rxd4 Rxd4 28. cxd4 Re6 29. d5 Re3 30. Rd1 Kf7 31. d6 Ke8 32. Rh1 Rxg3 33. Rxh7
Rg4 34. Rxa7 Rxf4 35. Re7+ Kd8 36. Re6 b4 37. a4 Kd7 38. Rxg6 Rf1+ 39. Ka2 Rf2
40. Rf6 Rg2 41. Rf4 c3 42. Rxb4 Kxd6 43. g6 Kc5 44. Rb8 cxb2 45. Rg8 Kb6 46. g7
Ka7 47. a5 Kb7 48. a6+ Ka7 49. Kb1 Rg6 50. Kxb2 Rb6+ 51. Kc3 Rc6+ 52. Kd4 Rc7
53. Kd5 Rf7 54. Ra8+ 1-0

[Event "M7 "]
[Site "Koge"]
[Date "2004.??.??"]
[Round "5"]
[White "Larsen, Peter"]
[Black "Auchenberg, Per"]
[Result "0-1"]
[WhiteElo "2213"]
[BlackElo "1987"]
[PlyCount "80"]
[EventDate "2004.04.06"]
[EventType "swiss"]
[EventRounds "7"]
[EventCountry "DEN"]

1. e4 e5 2. Nf3 Nc6 3. d4 exd4 4. c3 d5 5. exd5 Qxd5 6. cxd4 Bg4 7. Be2 O-O-O
8. Nc3 Qa5 9. Be3 Nf6 10. O-O Bc5 11. Qb3 Nxd4 12. Nxd4 Bxd4 13. Bxg4+ Nxg4 14.
Bxd4 Rxd4 15. Qxf7 Qe5 16. g3 Rd7 17. Qf3 Qh5 18. Qg2 Rd2 19. Ne4 Ne3 20. g4
Qe5 21. Qf3 Nxf1 22. Rxf1 Rxb2 23. a3 Re8 24. Ng3 g6 25. h3 Rb6 26. Rd1 Rd6 27.
Rb1 Qd5 28. Qf4 Rde6 29. Kh2 Re1 30. Rb4 Qd6 31. Qf3 c6 32. Qc3 Qe5 33. Qc2 Rf8
34. Rb3 Rf1 35. f3 R1xf3 36. Rxf3 Rxf3 37. Qg2 Qf4 38. Qg1 Rf2+ 39. Kh1 Qf3+
40. Qg2 Qxg2# 0-1

[Event "M7 "]
[Site "Koge"]
[Date "2004.??.??"]
[Round "5"]
[White "Molvig, Henrik"]
[Black "Christensen, Henrik"]
[Result "1-0"]
[WhiteElo "2184"]
[BlackElo "1916"]
[PlyCount "81"]
[EventDate "2004.04.06"]
[EventType "swiss"]
[EventRounds "7"]
[EventCountry "DEN"]

1. d4 Nf6 2. c4 g6 3. Nc3 Bg7 4. e4 d6 5. Nf3 O-O 6. Be2 e5 7. O-O Nc6 8. d5
Ne7 9. Ne1 Nd7 10. Be3 f5 11. f3 f4 12. Bf2 g5 13. a4 a5 14. Nd3 b6 15. b4 axb4
16. Nxb4 Rf6 17. Kh1 Rg6 18. Nc6 Nxc6 19. dxc6 Nf6 20. c5 bxc5 21. Bc4+ Kh8 22.
a5 g4 23. Nd5 g3 24. Nxf6 Qxf6 25. Qd5 Qd8 26. Bg1 Be6 27. Qxe6 Rxe6 28. Bxe6
Qe8 29. Bd5 Bf6 30. h3 Ra6 31. Rfb1 Qa8 32. Rb7 Rxa5 33. Rab1 Kg7 34. Rxc7+ Kg6
35. Rcb7 Ra6 36. Rb8 Qxc6 37. Bxc6 Rxc6 38. R1b6 Rc7 39. Rxd6 Kg5 40. h4+ Kxh4
41. Rxf6 1-0